[Event "CZE-ch U16 Girls"]
[Site "Teplice"]
[Date "2023.03.18"]
[Round "9"]
[White "Macova, Marketa"]
[Black "Mullerova, Karina Nela"]
[Result "0-1"]
[WhiteElo "1195"]
[BlackElo "1283"]
[PlyCount "84"]
[EventDate "2023.03.11"]
[EventType "swiss"]
[EventRounds "9"]
[EventCountry "CZE"]
[SourceTitle "CBM 213 Extra"]
[Source "ChessBase"]
[SourceDate "2023.05.31"]
[SourceVersion "1"]
[SourceVersionDate "2023.05.31"]
[SourceQuality "1"]

1. d4 e6 2. c4 f5 3. Nc3 d5 4. Nf3 Nf6 5. Bg5 Be7 6. e3 0-0 7. Be2 b6 8. 0-0 Bb7 9. Rc1 Ne4 10. Bxe7 Qxe7 11. Qb3 c6 12. cxd5 cxd5 13. Nb5 Nc6 14. Rc2 a6 15. Nc3 b5 16. Nxe4 fxe4 17. Nd2 Rac8 18. a4 Na5 19. Rxc8 Nxb3 20. Rxf8+ Kxf8 21. Nxb3 Qb4 22. Nc5 Bc8 23. b3 bxa4 24. bxa4 Ke7 25. Ra1 a5 26. Bb5 Kd6 27. Rc1 Qb2 28. Nxe4+ dxe4 29. Rc6+ Ke7 30. Rxc8 Qa1+ 31. Bf1 Qxa4 32. Rc7+ Kf6 33. Rc5 Qb4 34. h3 a4 35. Rc4 Qb3 36. Rc1 Qb2 37. Re1 a3 38. Bc4 Qc3 39. Rf1 Qxc4 40. Ra1 Qb3 41. Kh2 a2 42. Rxa2 Qxa2 0-1

[Event "CZE-ch U16 Girls"]
[Site "Teplice"]
[Date "2023.03.16"]
[Round "7"]
[White "Macova, Marketa"]
[Black "Foldynova, Julie"]
[Result "1/2-1/2"]
[WhiteElo "1195"]
[BlackElo "1100"]
[PlyCount "99"]
[EventDate "2023.03.11"]
[EventType "swiss"]
[EventRounds "9"]
[EventCountry "CZE"]
[SourceTitle "CBM 213 Extra"]
[Source "ChessBase"]
[SourceDate "2023.05.31"]
[SourceVersion "1"]
[SourceVersionDate "2023.05.31"]
[SourceQuality "1"]

1. e4 e5 2. Nc3 Nf6 3. f4 d6 4. Nf3 Qe7 5. Bc4 Be6 6. Bxe6 fxe6 7. fxe5 dxe5 8. Nxe5 g6 9. d3 Nbd7 10. Nxd7 Nxd7 11. Be3 Bg7 12. Qd2 0-0 13. 0-0-0 a6 14. h4 b5 15. Bh6 Rfb8 16. h5 Bxh6 17. Qxh6 g5 18. Rhf1 Rf8 19. d4 Rae8 20. Ne2 Kh8 21. e5 c5 22. Rfe1 Qg7 23. Qxg7+ Kxg7 24. g4 cxd4 25. Nxd4 Nc5 26. Rf1 Rf7 27. Rxf7+ Kxf7 28. Rf1+ Kg8 29. Kd2 Nd7 30. Nf3 h6 31. Ke3 Nc5 32. Kd4 Nd7 33. b3 Rd8 34. Kc3 a5 35. a3 Rc8+ 36. Kb2 Rc5 37. Re1 b4 38. axb4 axb4 39. Re4 Rb5 40. c3 bxc3+ 41. Kxc3 Rxb3+ 42. Kxb3 Nc5+ 43. Kc4 Nxe4 44. Kd4 Nf2 45. Nh2 Kf7 46. Kc5 Ke7 47. Kc6 Nd3 48. Nf3 Nf2 49. Nh2 Nd3 50. Nf3 1/2-1/2

[Event "CZE-ch U16 Girls"]
[Site "Teplice"]
[Date "2023.03.13"]
[Round "3"]
[White "Macova, Marketa"]
[Black "Barteckova, Denisa"]
[Result "0-1"]
[WhiteElo "1195"]
[BlackElo "1417"]
[PlyCount "104"]
[EventDate "2023.03.11"]
[EventType "swiss"]
[EventRounds "9"]
[EventCountry "CZE"]
[SourceTitle "CBM 213 Extra"]
[Source "ChessBase"]
[SourceDate "2023.05.31"]
[SourceVersion "1"]
[SourceVersionDate "2023.05.31"]
[SourceQuality "1"]

1. e4 d5 2. e5 Bf5 3. Nf3 e6 4. d4 c5 5. c3 Nc6 6. Bb5 Qb6 7. Bxc6+ bxc6 8. 0-0 Bg4 9. dxc5 Bxc5 10. b4 Be7 11. Be3 Qc7 12. Nbd2 f6 13. Bf4 g5 14. Bg3 f5 15. h3 Bh5 16. Re1 Nh6 17. Qc2 Bg6 18. Qb3 0-0 19. c4 Rfb8 20. c5 a5 21. a3 Qb7 22. Nd4 Kf7 23. f4 g4 24. Rab1 Qc7 25. h4 Rb7 26. Kf2 Bxc5 27. Qc3 Bxd4+ 28. Qxd4 axb4 29. axb4 Qb6 30. Qxb6 Rxb6 31. Rb2 Rab8 32. Reb1 c5 33. b5 Ke7 34. Ke2 Be8 35. Bf2 d4 36. g3 Rxb5 37. Rxb5 Rxb5 38. Ra1 Rb7 39. Rc1 Bb5+ 40. Ke1 c4 41. Bxd4 Rc7 42. Rc3 Nf7 43. Kd1 Nd8 44. Ra3 Kd7 45. Kc2 Nc6 46. Bc5 Nxe5 47. Be3 Nc6 48. Kc3 Ne7 49. Bf2 Nd5+ 50. Kd4 c3 51. Nb3 Rc4+ 52. Ke5 Re4# 0-1

[Event "CZE-ch U16 Girls"]
[Site "Teplice"]
[Date "2023.03.13"]
[Round "4"]
[White "Vavrinkova, Marie"]
[Black "Macova, Marketa"]
[Result "0-1"]
[WhiteElo "1457"]
[BlackElo "1195"]
[PlyCount "58"]
[EventDate "2023.03.11"]
[EventType "swiss"]
[EventRounds "9"]
[EventCountry "CZE"]
[SourceTitle "CBM 213 Extra"]
[Source "ChessBase"]
[SourceDate "2023.05.31"]
[SourceVersion "1"]
[SourceVersionDate "2023.05.31"]
[SourceQuality "1"]

1. d4 d5 2. c4 c6 3. Nf3 dxc4 4. e4 b5 5. g3 Nf6 6. Qc2 Bg4 7. Nbd2 e6 8. a3 c5 9. dxc5 Bxc5 10. Bg2 Qb6 11. 0-0 0-0 12. a4 Bxf3 13. Bxf3 Nc6 14. axb5 Nd4 15. Qxc4 Rac8 16. Qd3 Rfd8 17. e5 Nxb5 18. Qb1 Nd5 19. Ne4 Nd4 20. Bg2 h6 21. Kh1 Nb4 22. Nxc5 Rxc5 23. Qe4 Rc2 24. Qg4 Nf5 25. Qf3 Nd3 26. Kg1 Nd4 27. Qe3 Ne2+ 28. Kh1 Nexc1 29. Qxb6 axb6 0-1